Breaking Bad and Better Call Saul Characters by Appearances - Statistics

General Stats
  • This quiz has been taken 294 times
  • The average score is 15 of 27
Answer Stats
Breaking Bad Appearances Better Call Saul Appearances El Camino? Total Character % Correct
36 63 N 99 Saul Goodman
100%
23 61 Y 85 Mike Ehrmantraut
95%
62 2 Y 65 Walter White
95%
62 2 Y 65 Jesse Pinkman
94%
0 61 N 61 Kim Wexler
92%
26 33 N 59 Gus Fring
90%
61 0 N 61 Skyler White
90%
51 2 N 53 Hank Schrader
80%
0 43 N 43 Howard Hamlin
73%
52 1 N 53 Marie Schrader
72%
54 0 N 54 Walter White Jr.
68%
0 33 N 33 Nacho Varga
65%
0 28 N 28 Chuck McGill
59%
8 21 N 29 Hector Salamanca
57%
0 16 N 16 Lalo Salamanca
50%
33 2 N 35 Steven Gomez
44%
15 0 Y 16 Skinny Pete
40%
10 17 N 27 Tyrus Kitt
35%
8 17 N 25 Victor
32%
11 6 N 17 Huell Babineaux
30%
6 10 N 16 Leonel Salamanca
28%
5 10 N 15 Marco Salamanca
28%
12 4 N 16 Lydia Rodarte-Quayle
24%
9 14 N 23 Francesca Liddy
20%
0 15 N 15 Rich Schweikart
11%
1 18 N 19 Stacey Ehrmantraut
9%
0 16 N 16 Paige Novick
3%
No matching quizzes found
Score Distribution
Percent of People with Each Score
Percentile by Number Answered
Your Score History
You have not taken this quiz